| Tag |
First Indicator |
Second Indicator |
Subfields |
| LEADER |
00000cam a2200000 4500 |
| 001 |
in00000076064 |
| 005 |
20151008060416.0 |
| 008 |
770627s1843 enk 00010 engm |
| 010 |
|
|
|a 10026005
|
| 035 |
|
|
|a (OCoLC)03077150
|
| 035 |
|
|
|9 AAJ5688AM
|
| 040 |
|
|
|a DLC
|c HDC
|d HDC
|d TXA
|d UtOrBLW
|
| 041 |
1 |
|
|a eng
|a swe
|
| 049 |
|
|
|a TXAM
|c [1411811]
|
| 050 |
0 |
0 |
|a PD2235
|b .R4 1843a
|
| 100 |
1 |
|
|a Rask, Rasmus,
|d 1787-1832.
|
| 245 |
1 |
2 |
|a A grammar of the Icelandic or Old Norse tongue /
|c tr. from the Swedish of Erasmus Rask by George Webbe Dasent.
|
| 264 |
|
1 |
|a London :
|b W. Pickering; Frankfort, a. M., Jaeger's Library,
|c 1843.
|
| 300 |
|
|
|a viii, 272 pages ;
|c 21 cm.
|
| 336 |
|
|
|a text
|b txt
|2 rdacontent
|
| 337 |
|
|
|a unmediated
|b n
|2 rdamedia
|
| 338 |
|
|
|a volume
|b nc
|2 rdacarrier
|
| 650 |
|
0 |
|a Icelandic language
|x Grammar.
|
| 650 |
|
0 |
|a Old Norse language
|x Grammar.
|
| 700 |
1 |
|
|a Dasent, George Webbe,
|c Sir,
|d 1817-1896.
|
| 999 |
|
|
|a MARS
|
| 999 |
f |
f |
|s 7f948feb-7bc2-3411-948a-7ff6a2920635
|i 61cfab75-912b-392c-b269-54538925a6ce
|t 0
|
| 952 |
f |
f |
|p normal
|a Texas A&M University
|b College Station
|c Sterling C. Evans Library
|d Evans: Library Stacks
|t 0
|e PD2235 .R4 1843a
|h Library of Congress classification
|i unmediated -- volume
|m A14803575116
|
| 998 |
f |
f |
|a PD2235 .R4 1843a
|t 0
|l Evans: Library Stacks
|